000 00299nam a2200145Ia 4500
100 _aMurari/Timeri N
650 _aNovel
942 _cBK
245 _aTaliban Cricket Club:A novel
260 _bAleph Book Co
_c2012
082 _a808.8
_bMUR
300 _a325
546 _aENGLISH
999 _c34594
_d34594